| 000 | 01324nam a2200205Ia 4500 | ||
|---|---|---|---|
| 999 |
_c1667 _d1667 |
||
| 020 | _a0070468192 (pbk.) | ||
| 022 | _a9780070468191 | ||
| 050 |
_a172 _b.M3925 |
||
| 100 | 1 | _aMcConnnell, Campbell R. | |
| 110 | _aStanley L. Brue. | ||
| 245 | 1 | 0 |
_aMacroeconomics : _bprinciples, problems, and policies / _cCampbell R. McConnell, Stanley L. Brue. |
| 250 | _a13th ed. | ||
| 260 |
_aNew York : _bMcGraw-Hill, _c1996. |
||
| 300 |
_axxiv, various pagings : _bill. |
||
| 500 | _aIncludes bibliographies and index. | ||
| 505 | _aPart 1 An introduction to economics and the economy: the nature and method of economics; the economizing problem; understanding individual markets - demand and supply; pure capitalism and the market system; the mixed economy - private and public sectors; the United States in the global economy. Part 2 National income, employment and fiscal policy: measuring domestic output, national income and the price level; macroeconomic instability - unemployment and inflation; building the aggregate expenditures model; aggregate expenditures - the multiplier, net exports and government; aggregate demand and aggregate supply; fiscal policy. Part 3 Money, banking and monetary policy: money and banking; how banks create money. | ||
| 650 | 0 | _aMacroeconomics. | |
| 700 | 1 | _aBrue, Stanley L., | |
| 942 | _cBK | ||